00730nam a22002052 4500001001100000005001700011008004100028020001700069040001500086100003300101245012000134250001300254260002700267300001700294650005000311650007100361650005100432700003800483852000300521000002056020151021151139.0110922s xx 000 0 eng d a1412952118 : aKABUcKABU1 aHeath, Robert L.@000015086310aStrategic issues management :borganizations and public policy challenges /cRobert L. Heath, Michael J. Palenchar. a2nd ed. aLondon :bSAGE,c2009. axii, 412 p. 0aIssues managementzUnited States.@0000180953 0aIndustrial managementxSocial aspects.zUnited States.@0000180954 0aStrategic planningzUnited States.@00001809551 aPalenchar, Michael J.@00001809561